LEADER 01399nam a22003735i 4500 001 991002259159707536 007 cr nn 008mamaa 008 110317s2011 de | s |||| 0|eng d 020 $a9783642184291 035 $ab14146198-39ule_inst 040 $aBibl. Dip.le Aggr. Matematica e Fisica - Sez. Matematica$beng 082 04$a515$223 084 $aAMS 41A35 084 $aAMS 47B06 084 $aAMS 33E30 084 $aAMS 35P05 100 1 $aLang, Jan$0478954 245 10$aEigenvalues, embeddings and generalised trigonometric functions$h[e-book] /$cby Jan Lang, David Edmunds 260 $aBerlin :$bSpringer,$c2011 300 $a1 online resource (xi, 220 p.) 440 0$aLecture Notes in Mathematics,$x0075-8434 ;$v2016 650 0$aMathematics 650 0$aGlobal analysis (Mathematics) 650 0$aFunctional analysis 650 0$aDifferential Equations 650 0$aFunctions, special 700 1 $aEdmunds, David$eauthor$4http://id.loc.gov/vocabulary/relators/aut$0510955 773 0 $aSpringer eBooks 856 40$uhttp://dx.doi.org/10.1007/978-3-642-18429-1$zAn electronic book accessible through the World Wide Web 907 $a.b14146198$b03-03-22$c05-09-13 912 $a991002259159707536 996 $aEigenvalues, embeddings and generalised trigonometric functions$9767858 997 $aUNISALENTO 998 $ale013$b05-09-13$cm$d@ $e-$feng$gde $h0$i0 LEADER 04423 am 22006373u 450 001 9910153747103321 005 20230621140731.0 035 $a(CKB)3880000000044296 035 $a(OCoLC)1066406664 035 $a(oapen)https://directory.doabooks.org/handle/20.500.12854/38807 035 $a(EXLCZ)993880000000044296 100 $a20161205h20162016 uy 0 101 0 $aeng 135 $aurmn#nnn||||| 181 $ctxt$2rdacontent 182 $cc$2rdamedia 183 $acr$2rdacarrier 200 04$aThe art of ethics in the information society $emind you /$fLiisa Janssens (ed.) 210 $cAmsterdam University Press$d2016 210 1$aAmsterdam :$cAmsterdam University Press,$d2016. 210 4$dİ2016 215 $a1 online resource (144 pages) $cillustrations (some colour) 225 0 $aOpen Access e-Books 225 0 $aKnowledge Unlatched 300 $a"Your touch is future"--Cover. 300 $aThe words "mind" and "you" appear within the title in reflective white lettering as a design element: The art of 'mind' ethics 'you' in the information society. "Mind you" appears separate from the title on the cover. 311 08$aPrint version: 9789462984493 320 $aIncludes bibliographical references. 327 $aEmbodied experience / Nicky Assmann -- Digital hyperthymesia : on the consequences of living with perfect memory / Tanne van Bree -- How to govern King code / Wouter Dammers -- Deep learning through cinematic space / Frederik De Wilde -- Robotisation as rationalisation : in search for a human robot future / Rinie van Est and Lambe?r Royakkers -- The future of ethical decisions made by computers / Jaap van den Herik and Cees de Laat -- The new imbroglio : living with machine algorithms / Mireille Hildebrandt -- Freedom and data profiling / Liisa Janssens -- A utopian belief in big data / Esther Keymolen -- Digital conservation of cultural heritage / Yolande Kolstee -- Pasts, presents, and prophecies : on your life story and the (re)collection and future use of your data / Marjolein Lanzing -- Can connected machines learn to behave ethically? / Ben van Lier -- Exploring the twilight area between person and product / Koert van Mensvoort -- Living together with a green dot : being together alone in times of hyper-connection / Elize de Mul -- Technology and the end of history : from time capsules to time machines / Rene? Munnik -- 327 $aThe emerging post-anthropocene / Eric Parren -- The ethics of lifelogging : 'the entire of history of you' / Marleen Postma -- Privacy as a tactic of norm evasion, or why the question as to the value of privacy is fruitless / Bart van der Sloot -- How art can contribute to ethical reflection on risky technologies / Sabine Roeser -- Techno-animism : when technology talks back / Jelte Timmer -- Design of wisdom coaches for end-of-life discussions : mixed reality, complexity, morality, and normativity / Maarten Verkerk. 330 $aNew technologies are often implemented before their ethical consequences have been fully understood. In this volume, experts working in the sciences, arts, and philosophy of technology share novel perspectives on how we can best identify and navigate the new ethical crossroads emerging in our information society. With an eye toward the future, the contributors present an essential and unique view on the interplay between ethics and modern technology. 606 $aInformation society$xMoral and ethical aspects 606 $aInformation technology$xMoral and ethical aspects 606 $aTechnology$xMoral and ethical aspects 606 $aArt and science$xMoral and ethical aspects 610 $ainformation technology 610 $aethics 610 $aphilosophy of technology 610 $ametaethics 610 $ascience 610 $aBig data 610 $aHuman 615 0$aInformation society$xMoral and ethical aspects. 615 0$aInformation technology$xMoral and ethical aspects. 615 0$aTechnology$xMoral and ethical aspects. 615 0$aArt and science$xMoral and ethical aspects. 676 $a303.4833 700 $aJanssens$b Liisa$4edt$01366685 702 $aJanssesn$b Liisa$f1986-, 801 0$bAuAdUSA 801 1$bAuAdUSA 801 2$bUkMaJRU 906 $aBOOK 912 $a9910153747103321 996 $aThe art of ethics in the information society$93389285 997 $aUNINA LEADER 01538nas 2200397 n 450 001 990008978700403321 005 20240229084550.0 011 $a0020-1693 035 $a000897870 035 $aFED01000897870 035 $a(Aleph)000897870FED01 035 $a000897870 091 $2CNR$aP 00013968 100 $a20161109a19679999km-y0itaa50------ba 101 0 $aeng 102 $aNL 110 $aauu-------- 200 1 $aInorganica chimica acta 207 1$a1967- 210 $aPadova$cElsevier 326 $aMensile 423 0$12001$aInorganica chimica acta reviews 452 0$12001$aInorganica chimica acta 530 0 $aInorganica chimica acta 675 $a546 676 $a546 801 0$aIT$bACNP$c20090723 859 4 $uhttp://acnp.cib.unibo.it/cgi-ser/start/it/cnr/dc-p1.tcl?catno=6667&person=false&language=ITALIANO&libr=&libr_th=unina1$zBiblioteche che possiedono il periodico 901 $aSE 912 $a990008978700403321 958 $aBiblioteca. Dipartimento di Chimica. Complesso Universitario di Monte S. Angelo.$b1967-2000;$fDCH 959 $aDCH 996 $aInorganica chimica acta$9793040 997 $aUNINA AP1 8 $6866-01$aNA007 Biblioteca. Dipartimento di Chimica. Complesso Universitario di Monte S. Angelo.$evia Cinthia 4, 80126 Napoli (NA)$m081674497-081674488$m081674090$nit AP2 40$aacnp.cib.unibo.it$nACNP Italian Union Catalogue of Serials$uhttp://acnp.cib.unibo.it/cgi-ser/start/it/cnr/df-p.tcl?catno=6667&language=ITALIANO&libr=&person=&B=1&libr_th=unina&proposto=NO